Flexible Pavement Design nowshera peshawar Highway Syn#1 OD-35 (Record no. 553731)

000 -LEADER
fixed length control field 00347nam a22001217a 4500
082 ## - DEWEY DECIMAL CLASSIFICATION NUMBER
Classification number P-41
100 ## - MAIN ENTRY--PERSONAL NAME
Personal name Muhammad Zafar Raja, Capt
9 (RLIN) 50996
245 ## - TITLE STATEMENT
Title Flexible Pavement Design nowshera peshawar Highway Syn#1 OD-35
Remainder of title Capt Muhammad Zafar Raja
260 ## - PUBLICATION, DISTRIBUTION, ETC.
Place of publication, distribution, etc. Risalpur,
Name of publisher, distributor, etc. MCE,
Date of publication, distribution, etc. 2000.
300 ## - PHYSICAL DESCRIPTION
Extent 37p.
526 ## - STUDY PROGRAM INFORMATION NOTE
Program name 0
Interest level 0
Reading level 0
Title point value P_41
942 ## - ADDED ENTRY ELEMENTS (KOHA)
Source of classification or shelving scheme
Koha item type Book
Holdings
Withdrawn status Lost status Source of classification or shelving scheme Damaged status Not for loan Permanent Location Current Location Date acquired Total Checkouts Full call number Barcode Date last seen Price effective from Koha item type
          Military College of Engineering (MCE) Military College of Engineering (MCE) 08/24/2016   P-41 MCE-P41 08/24/2016 08/24/2016 Book
© 2023 Central Library, National University of Sciences and Technology. All Rights Reserved.